<?xml version="1.0" encoding="UTF-8"?>
<record
    xmlns:xsi="http://www.w3.org/2001/XMLSchema-instance"
    xsi:schemaLocation="http://www.loc.gov/MARC21/slim http://www.loc.gov/standards/marcxml/schema/MARC21slim.xsd"
    xmlns="http://www.loc.gov/MARC21/slim">

  <leader>00542nam a22001697a 4500</leader>
  <datafield tag="020" ind1=" " ind2=" ">
    <subfield code="a">9693502248</subfield>
  </datafield>
  <datafield tag="082" ind1=" " ind2=" ">
    <subfield code="a">891.4393092</subfield>
    <subfield code="b">HIJ</subfield>
  </datafield>
  <datafield tag="100" ind1=" " ind2=" ">
    <subfield code="a">Ali, Hijab Imtiaz</subfield>
  </datafield>
  <datafield tag="245" ind1=" " ind2=" ">
    <subfield code="a">Laal-o-Nahar/</subfield>
    <subfield code="c">&#x62D;&#x62C;&#x627;&#x628; &#x627;&#x645;&#x62A;&#x6CC;&#x627;&#x632; &#x639;&#x644;&#x6CC;,</subfield>
  </datafield>
  <datafield tag="260" ind1=" " ind2=" ">
    <subfield code="a">Lahore ;</subfield>
    <subfield code="b">sang e mil,</subfield>
    <subfield code="c">2015.</subfield>
  </datafield>
  <datafield tag="300" ind1=" " ind2=" ">
    <subfield code="a">168p. :</subfield>
    <subfield code="c">26cm.</subfield>
  </datafield>
  <datafield tag="563" ind1=" " ind2=" ">
    <subfield code="a">HB</subfield>
  </datafield>
  <datafield tag="880" ind1=" " ind2=" ">
    <subfield code="6">100-01\(3\r</subfield>
    <subfield code="a">&#x62D;&#x62C;&#x627;&#x628; &#x627;&#x645;&#x62A;&#x6CC;&#x627;&#x632; &#x639;&#x644;&#x6CC;,</subfield>
  </datafield>
  <datafield tag="880" ind1=" " ind2=" ">
    <subfield code="6">245-02\(3\r</subfield>
    <subfield code="a">&#x644;&#x627;&#x644; &#x648; &#x646;&#x6C1;&#x631;/</subfield>
    <subfield code="b">&#x62D;&#x62C;&#x627;&#x628; &#x627;&#x645;&#x62A;&#x6CC;&#x627;&#x632; &#x639;&#x644;&#x6CC;,</subfield>
  </datafield>
  <datafield tag="880" ind1=" " ind2=" ">
    <subfield code="6">260-03/(3/r</subfield>
    <subfield code="a">&#x644;&#x627;&#x6C1;&#x648;&#x631; &#x61B;</subfield>
    <subfield code="b">&#x633;&#x646;&#x6AF;&#x650; &#x645;&#x6CC;&#x644;</subfield>
    <subfield code="c">2015</subfield>
  </datafield>
  <datafield tag="942" ind1=" " ind2=" ">
    <subfield code="2">ddc</subfield>
    <subfield code="c">BK</subfield>
  </datafield>
  <datafield tag="999" ind1=" " ind2=" ">
    <subfield code="c">614195</subfield>
    <subfield code="d">614195</subfield>
  </datafield>
  <datafield tag="952" ind1=" " ind2=" ">
    <subfield code="0">0</subfield>
    <subfield code="1">0</subfield>
    <subfield code="2">ddc</subfield>
    <subfield code="4">0</subfield>
    <subfield code="6">891_439309200000000_HIJ</subfield>
    <subfield code="7">0</subfield>
    <subfield code="9">641437</subfield>
    <subfield code="a">CL</subfield>
    <subfield code="b">CL</subfield>
    <subfield code="d">2025-07-10</subfield>
    <subfield code="l">0</subfield>
    <subfield code="o">891.4393092 HIJ</subfield>
    <subfield code="p">CL-D-2931</subfield>
    <subfield code="r">2025-07-10</subfield>
    <subfield code="w">2025-07-10</subfield>
    <subfield code="y">BK</subfield>
  </datafield>
</record>
